<?xml version="1.0" encoding="UTF-8"?>
<record
    xmlns:xsi="http://www.w3.org/2001/XMLSchema-instance"
    xsi:schemaLocation="http://www.loc.gov/MARC21/slim http://www.loc.gov/standards/marcxml/schema/MARC21slim.xsd"
    xmlns="http://www.loc.gov/MARC21/slim">

  <leader>01135nam a22002537a 4500</leader>
  <controlfield tag="001">13746</controlfield>
  <controlfield tag="003">CO-MdFUSB</controlfield>
  <controlfield tag="005">20180622072730.0</controlfield>
  <controlfield tag="008">160824t1999    s  ||||| |||| 00| 0 s   d</controlfield>
  <datafield tag="020" ind1=" " ind2=" ">
    <subfield code="a">84-8169-250-6</subfield>
  </datafield>
  <datafield tag="040" ind1=" " ind2=" ">
    <subfield code="c">CO-MdFUSB</subfield>
    <subfield code="a">CO-MdFUSB</subfield>
    <subfield code="b">spa</subfield>
    <subfield code="d">CO-MdFUSBC</subfield>
    <subfield code="e">rda</subfield>
  </datafield>
  <datafield tag="041" ind1="0" ind2=" ">
    <subfield code="a">spa</subfield>
  </datafield>
  <datafield tag="082" ind1="0" ind2="4">
    <subfield code="a">G 220.6 M8271p</subfield>
  </datafield>
  <datafield tag="100" ind1="1" ind2=" ">
    <subfield code="a">Mora Paz, C.</subfield>
    <subfield code="e">autor</subfield>
  </datafield>
  <datafield tag="245" ind1="1" ind2="0">
    <subfield code="a">Lectura pragmaling&#xFC;&#xED;stica de la Biblia</subfield>
    <subfield code="b"> : Teor&#xED;a y aplicaci&#xF3;n</subfield>
    <subfield code="c"> / C. Mora Paz, M. Grilli, R. Dillmann</subfield>
  </datafield>
  <datafield tag="264" ind1=" " ind2="4">
    <subfield code="a">Estella (Navarra) :  </subfield>
    <subfield code="b">Verbo Divino,</subfield>
    <subfield code="c">&#xA9;1999</subfield>
  </datafield>
  <datafield tag="300" ind1=" " ind2=" ">
    <subfield code="a">190 P&#xE1;g.</subfield>
  </datafield>
  <datafield tag="336" ind1=" " ind2=" ">
    <subfield code="2">rdacontent</subfield>
    <subfield code="a">1</subfield>
    <subfield code="b">a1</subfield>
  </datafield>
  <datafield tag="337" ind1=" " ind2=" ">
    <subfield code="2">rdamedia</subfield>
    <subfield code="a">2</subfield>
    <subfield code="b">5</subfield>
  </datafield>
  <datafield tag="338" ind1=" " ind2=" ">
    <subfield code="2">rdacarrier</subfield>
    <subfield code="a">2</subfield>
    <subfield code="b">5</subfield>
  </datafield>
  <datafield tag="505" ind1="0" ind2="0">
    <subfield code="a">- Acercamiento te&#xF3;rico al m&#xE9;todo - Consideraciones en torno a la sint&#xE1;ctica - Consideraciones en torno a la sem&#xE1;ntica - Consideraciones en torno a la pragm&#xE1;tica - Acercamiento pr&#xE1;ctico: El testamento del Resucitado. An&#xE1;lisis de Mt 28:16-20 - An&#xE1;lisis pragmaling&#xFC;&#xED;stico de Lucas 16 - Contra la codicia y la avidez de los ricos. Aspectos sem&#xE1;nticos y pragm&#xE1;ticos del serm&#xF3;n del Monte de Lucas</subfield>
  </datafield>
  <datafield tag="650" ind1=" " ind2="7">
    <subfield code="a">Hermen&#xE9;utica</subfield>
    <subfield code="9">418</subfield>
  </datafield>
  <datafield tag="942" ind1=" " ind2=" ">
    <subfield code="c">BK</subfield>
  </datafield>
  <datafield tag="952" ind1=" " ind2=" ">
    <subfield code="0">0</subfield>
    <subfield code="1">0</subfield>
    <subfield code="4">0</subfield>
    <subfield code="7">0</subfield>
    <subfield code="8">GEN</subfield>
    <subfield code="a">FUSBC</subfield>
    <subfield code="b">FUSBC</subfield>
    <subfield code="d">2006-04-21</subfield>
    <subfield code="l">4</subfield>
    <subfield code="m">14</subfield>
    <subfield code="o">G 220.6 M8271p </subfield>
    <subfield code="p">15990</subfield>
    <subfield code="r">2024-04-19 00:00:00</subfield>
    <subfield code="s">2022-09-08</subfield>
    <subfield code="t">1</subfield>
    <subfield code="w">2016-01-26</subfield>
    <subfield code="y">BK</subfield>
    <subfield code="B">0</subfield>
    <subfield code="C">3</subfield>
    <subfield code="I">INV2023</subfield>
  </datafield>
  <datafield tag="999" ind1=" " ind2=" ">
    <subfield code="c">42691</subfield>
    <subfield code="d">42691</subfield>
  </datafield>
</record>
